V Cumbre presidencial: la "doctrina Reagan" en crisis /
Guardat en:
| Autor principal: | |
|---|---|
| Format: | Text |
| Etiquetes: |
Afegir etiqueta
Sense etiquetes, Sigues el primer a etiquetar aquest registre!
|
MARC
| LEADER | 00000 a a2200000 04500 | ||
|---|---|---|---|
| 001 | 1373 | ||
| 003 | |||
| 040 | |||
| 100 | |a Rojas Aravena, Francisco | ||
| 245 | |a V Cumbre presidencial: la "doctrina Reagan" en crisis / |c Francisco Rojas Aravena | ||
| 773 | |g número 59; páginas 40-42 | ||
| 999 | |c 33519 |d 33519 | ||
